=LDR 00000nam 2200000 4500 =001 INLIS000000000031072 =005 20130612133150 =008 ***********************************ind** =035 ##$$0010-061300000031072 =041 ##$$a ind =082 ##$$a 005.3 =090 ##$$a 005.3, Haf m =100 ##$$a Hafiarni, afanny =245 ##$$a Microsft Office Al Version untuk pemuda, Fanny Hafiarni; penyunting, Ade Saeful =260 ##$$a 2006 $b Jakarta =300 ##$$a x,116 hlm, ilus, 24 cm =650 ##$$a Komputer- Pragraf =850 ##$$a NBPNMAT